INTRODUCTION TO BIOMEDICAL EQUIPMENT TECHNOLOGY (Record no. 19691)
[ view plain ]
| 000 -LEADER | |
|---|---|
| fixed length control field | 00359nam a22001577a 4500 |
| 003 - CONTROL NUMBER IDENTIFIER | |
| control field | SGT |
| 020 ## - INTERNATIONAL STANDARD BOOK NUMBER | |
| International Standard Book Number | 978-81-775-8883-5 |
| 082 ## - DEWEY DECIMAL CLASSIFICATION NUMBER | |
| Classification number | 610 |
| Item number | I19C |
| 100 ## - MAIN ENTRY--PERSONAL NAME | |
| Personal name | CAR, JOSEPH J. |
| 245 ## - TITLE STATEMENT | |
| Title | INTRODUCTION TO BIOMEDICAL EQUIPMENT TECHNOLOGY |
| 250 ## - EDITION STATEMENT | |
| Edition statement | 3RD |
| 260 ## - PUBLICATION, DISTRIBUTION, ETC. (IMPRINT) | |
| Place of publication, distribution, etc | INDIA |
| Name of publisher, distributor, etc | PEARSON PUB |
| Year of Publication | 2019 |
| 300 ## - PAGE DESCRIPTION | |
| No. of Pages | 761 |
| 650 ## - SUBJECT ADDED ENTRY--TOPICAL TERM | |
| Topical term or geographic name as entry element | MEDICINE |
| 942 ## - ADDED ENTRY ELEMENTS (KOHA) | |
| Source of classification or shelving scheme | Dewey Decimal Classification |
| Koha item type | Books |
| Withdrawn status | Lost status | Source of classification or shelving scheme | Damaged status | Not for loan | Collection code | Home library | Current library | Shelving location | Date acquired | Vendor Name | Cost, normal purchase price | SGTU | Bill Number | Total Checkouts | Full call number | Accession No. (Barcode) | Date last seen | Bill Date | Koha item type |
|---|---|---|---|---|---|---|---|---|---|---|---|---|---|---|---|---|---|---|---|
| Dewey Decimal Classification | MEDICAL | SGT Medical Library | SGT Medical Library | Text Book | 07/01/2020 | ABC DELHI | 1049.00 | SGTU | 11586 | 610 I19C | FM12089 | 07/01/2020 | 16/11/2019 | Books | |||||
| Dewey Decimal Classification | MEDICAL | SGT Medical Library | SGT Medical Library | Text Book | 07/01/2020 | ABC DELHI | 1049.00 | SGTU | 11586 | 610 I19C | FM12090 | 07/01/2020 | 16/11/2019 | Books | |||||
| Dewey Decimal Classification | MEDICAL | SGT Medical Library | SGT Medical Library | Text Book | 07/01/2020 | ABC DELHI | 1049.00 | SGTU | 11586 | 610 I19C | FM12091 | 07/01/2020 | 16/11/2019 | Books | |||||
| Dewey Decimal Classification | MEDICAL | SGT Medical Library | SGT Medical Library | Text Book | 07/01/2020 | ABC DELHI | 1049.00 | SGTU | 11586 | 610 I19C | FM12092 | 07/01/2020 | 16/11/2019 | Books | |||||
| Dewey Decimal Classification | MEDICAL | SGT Medical Library | SGT Medical Library | Text Book | 07/01/2020 | ABC DELHI | 1049.00 | SGTU | 11586 | 610 I19C | FM12093 | 07/01/2020 | 16/11/2019 | Books |